000 01054nam a22003257a 4500
999 _c17047
_d17047
001 15727662
003 OSt
005 20180905102230.0
008 090507s2008 nyuab d 001 0 eng d
010 _a 2009278288
020 _a9780028230498
020 _a0028230485
035 _a(OCoLC)ocn156914467
040 _aSEKU
042 _alccopycat
050 0 0 _aHB 74.5
_b.C5 1995
100 1 _aClayton, Gary E.
245 1 0 _aEconomics :
_bprinciples and practices /
_cGary E. Clayton.
246 3 _aGlencoe economics:
_bprinciples and practices
250 _aTexas edition.
260 _aNew York, N.Y. :
_bGlencoe/McGraw-Hill,
_cc1995.
300 _a626 p. :
_bcol. ill.
546 _aGlossary in English and Spanish.
650 0 _aEconomics
_xStudy and teaching (Secondary)
651 0 _aUnited States
_xEconomic conditions
_xStudy and teaching (Secondary)
710 2 _aStandard and Poor's Corporation.
710 2 _aGlencoe/McGraw-Hill.
942 _2lcc
_cGEN